000 00753nas a2200253 4500
001 BR9502163
003 BR-BrBNA
005 20231205093950.0
007 ta
008 230509b bl.|||p| |||| 00| 00por d
040 _aBR-BrBNA
_bpor
_cBiblioteca Nacional de Agricultura
041 _a(Pt)
072 _aF70
100 1 _aGalvao, F.
100 1 _aKuniyoshi, Y.S.
100 1 _aRoderjan, C.V.
245 1 _aLevantamento fitossociologico das principais associacoes arboreas da Floresta Nacional de Irati-PR
650 _aFloresta
650 _aTaxonomia Vegetal
650 _aPARANÁ
773 0 _tFloresta (Brazil)
_xISSN 0015-3826
_g1989, v. 19(1-2) p. 30-49
_wBR9502163
909 _a202311
_bLúcia
_c55
_dLúcia Elande
942 _2AGRIS
_n0
_cANA
999 _c141338
_d141338